[Event "32.Gold-Cup"]
[Site "Meran"]
[Date "2004.04.26"]
[Round "4"]
[White "Krieger, Hermann"]
[Black "Wempe, Jürgen"]
[Result "1/2-1/2"]
[WhiteElo "2267"]
[BlackElo "2202"]
[PlyCount "37"]
[EventDate "2004.??.??"]

1. e4 {0} 1... c5 2. Nf3 Nf6 3. e5 Nd5 4. Nc3 e6 5. Nxd5 exd5 6. d4 Nc6 7. dxc5
Bxc5 8. Be2 d6 9. exd6 Be6 10. O-O Qxd6 11. c3 h6 12. b4 Bb6 13. a4 O-O 14. g3
Bh3 15. Re1 Rfe8 16. a5 Bd8 17. Bf4 Qd7 18. Qd2 Bf6 19. b5 1/2-1/2

[Event "32.Gold-Cup"]
[Site "Meran"]
[Date "2004.04.26"]
[Round "4"]
[White "Asmundsson, Ingvar"]
[Black "Kelchner, Hans"]
[Result "1-0"]
[WhiteElo "2311"]
[BlackElo "2147"]
[PlyCount "69"]
[EventDate "2004.??.??"]

1. e4 {0} 1... d6 2. d4 Nf6 3. f3 e5 4. c3 c6 5. Be3 Nbd7 6. dxe5 dxe5 7. Bc4
b5 8. Bb3 Bb7 9. Qe2 Bc5 10. Bg5 Qb6 11. Nh3 h6 12. Bd2 a5 13. Bc2 b4 14. Bd3
Ba6 15. Bxa6 Qxa6 16. Nf2 O-O 17. Qxa6 Rxa6 18. Nd3 Rb8 19. Ke2 Bd6 20. a3 bxa3
21. Nxa3 Nb6 22. b3 Nfd7 23. Be3 Kf8 24. Rhb1 Bxa3 25. Bxb6 Raxb6 26. Rxa3 f6
27. Kd2 Ke7 28. Kc2 Ra8 29. Rba1 Rab8 30. Rb1 Ra8 31. b4 a4 32. Rba1 Rba6 33.
Nb2 g6 34. Rxa4 Rxa4 35. Rxa4 1-0

[Event "32.Gold-Cup"]
[Site "Meran"]
[Date "2004.04.26"]
[Round "4"]
[White "Bigott, Martin"]
[Black "Boeven, Manfred"]
[Result "1/2-1/2"]
[WhiteElo "2111"]
[BlackElo "2153"]
[PlyCount "25"]
[EventDate "2004.??.??"]

1. d4 {0} 1... d5 2. c4 Bf5 3. Nc3 e6 4. cxd5 exd5 5. Nf3 c6 6. Bf4 Nd7 7. e3
Ngf6 8. h3 Be7 9. Bd3 Bg6 10. Ne5 Nxe5 11. Bxe5 O-O 12. O-O Nd7 13. Bh2 1/2-1/2

[Event "32.Gold-Cup"]
[Site "Meran"]
[Date "2004.04.26"]
[Round "4"]
[White "Josting, Friedel"]
[Black "Gerhards, Walter"]
[Result "0-1"]
[WhiteElo "2035"]
[BlackElo "2002"]
[PlyCount "86"]
[EventDate "2004.??.??"]

1. c4 {0} 1... Nf6 2. Nc3 c5 3. g3 g6 4. Bg2 Bg7 5. d3 Nc6 6. Nf3 d6 7. Bg5 h6
8. Bd2 Rb8 9. Rb1 a6 10. a3 Bg4 11. b4 cxb4 12. axb4 O-O 13. h3 Be6 14. e4 Nd7
15. O-O Nde5 16. Ne1 Nd4 17. f4 Nec6 18. Nf3 b5 19. cxb5 axb5 20. Nxd4 Nxd4 21.
g4 Rc8 22. f5 Bd7 23. Nd5 Bc6 24. g5 Bxd5 25. exd5 Nxf5 26. Be4 Ng3 27. Re1 h5
28. Qf3 Nxe4 29. dxe4 Rc2 30. Qd3 Rc4 31. Rbc1 Qc8 32. Kg2 Qc7 33. Rxc4 bxc4
34. Rc1 Rc8 35. Qa3 c3 36. Be3 Qc4 37. Kf3 Qd3 38. Qa2 c2 39. Qa7 Qd1+ 40. Kf2
Rc3 41. Qa1 Qd3 42. Qa7 Qxe4 43. b5 Rxe3 0-1

[Event "32.Gold-Cup"]
[Site "Meran"]
[Date "2004.04.26"]
[Round "4"]
[White "Kreie, Günter"]
[Black "Bucher, Rolf"]
[Result "1/2-1/2"]
[WhiteElo "1888"]
[BlackElo "2082"]
[PlyCount "49"]
[EventDate "2004.??.??"]

1. e4 {0} 1... d6 2. d4 Nf6 3. Nc3 g6 4. f4 Bg7 5. Nf3 c5 6. dxc5 Qa5 7. Bd3
Qxc5 8. Qe2 O-O 9. Be3 Qa5 10. O-O Nc6 11. h3 Bd7 12. Qf2 Rac8 13. a3 Qd8 14.
e5 Ne8 15. Qg3 e6 16. Ne4 d5 17. Nc3 Na5 18. Rad1 Nc4 19. Bxc4 Rxc4 20. Rd3 b6
21. Rfd1 Qe7 22. Ng5 f5 23. Nf3 Rc7 24. h4 Bc6 25. Nd4 1/2-1/2

[Event "32.Gold-Cup"]
[Site "Meran"]
[Date "2004.04.26"]
[Round "4"]
[White "Lücke, Volkmar"]
[Black "Laux, Dieter"]
[Result "1-0"]
[WhiteElo "2001"]
[BlackElo "1369"]
[PlyCount "80"]
[EventDate "2004.??.??"]

1. Nf3 {0} 1... c6 2. g3 f5 3. e4 fxe4 4. Ng5 Nf6 5. d3 Qa5+ 6. c3 exd3 7. Bxd3
g6 8. O-O e5 9. Re1 d6 10. Qc2 Rg8 11. Nxh7 Be7 12. Bxg6+ Kd8 13. Bg5 Nxh7 14.
Bxe7+ Kxe7 15. Bxh7 Rg7 16. Bf5 Nd7 17. b4 Qd5 18. Qb3 Nf6 19. Bxc8 Rxc8 20. c4
Qe6 21. Nd2 Qh3 22. c5 Ng4 23. cxd6+ Kxd6 24. Nf3 Nxh2 25. Rad1+ Kc7 26. Nxh2
Rh8 27. Qf3 Qxh2+ 28. Kf1 Qh1+ 29. Qxh1 Rxh1+ 30. Ke2 Rh2 31. Ke3 Rf7 32. Rd2
Rd7 33. Red1 Re7 34. Rg1 Rh3 35. f3 Rg7 36. g4 Rf7 37. Rf2 Rf4 38. a3 Kd6 39.
g5 Ke6 40. g6 Kf6 1-0

[Event "32.Gold-Cup"]
[Site "Meran"]
[Date "2004.04.26"]
[Round "4"]
[White "Otto, Matthias"]
[Black "Perk, Egbert"]
[Result "1/2-1/2"]
[WhiteElo "1734"]
[BlackElo "1995"]
[PlyCount "67"]
[EventDate "2004.??.??"]

1. e4 {0} 1... c5 2. Nf3 d6 3. g3 Nf6 4. d3 g6 5. Bg2 Bg7 6. Nbd2 O-O 7. O-O
Nc6 8. Re1 Qc7 9. Nf1 h6 10. h4 Ng4 11. N3h2 Nxh2 12. Nxh2 Kh7 13. c3 Bd7 14.
Be3 e5 15. Qd2 f5 16. h5 gxh5 17. Qe2 f4 18. gxf4 exf4 19. Bd2 Be8 20. Bh3 Ne7
21. Nf3 Bd7 22. Qf1 Qc8 23. Bxd7 Qxd7 24. Kh2 Ng6 25. Qg2 Ne5 26. Rg1 Ng4+ 27.
Kh1 Qe7 28. Raf1 Qf6 29. Qh3 Ne5 30. Rg2 Rg8 31. Qxh5 Nxd3 32. Ng5+ Kh8 33.
Nf7+ Kh7 34. Ng5+ 1/2-1/2

[Event "32.Gold-Cup"]
[Site "Meran"]
[Date "2004.04.26"]
[Round "4"]
[White "Schweitzer, Paul"]
[Black "Gstalter, Herbert"]
[Result "1-0"]
[WhiteElo "1551"]
[BlackElo "1699"]
[PlyCount "71"]
[EventDate "2004.??.??"]

1. Nf3 Nf6 2. b3 d6 3. Bb2 e5 4. d3 Be7 5. Nbd2 O-O 6. e4 Nc6 7. Be2 Ne8 8. c3
f5 9. exf5 Bxf5 10. Ne4 Nf6 (10... d5 11. Ng3 Bg6 12. O-O h5 13. c4 h4 14. cxd5
Qxd5) 11. Qc2 Nxe4 12. dxe4 Be6 13. O-O-O a5 14. Kb1 Qe8 15. Bb5 Qf7 16. Rd5
Bxd5 17. exd5 Na7 18. Bd3 Qh5 19. Be4 Rf7 20. Bc1 Raf8 21. Be3 Nc8 22. h3 g5
23. g4 Qh6 24. Bf5 Qg7 25. c4 e4 26. Qxe4 Bf6 27. h4 Ne7 28. Be6 Ng6 29. hxg5
Be5 30. Rh6 Kh8 31. Bf5 Rxf5 32. gxf5 Ba1 33. f6 Bxf6 34. gxf6 Rxf6 35. Nh4 Nf4
36. Rxf6 1-0

[Event "32.Gold-Cup"]
[Site "Meran"]
[Date "2004.04.26"]
[Round "4"]
[White "Muscolino, Attilio"]
[Black "Gestrich, Wolfgang"]
[Result "1-0"]
[WhiteElo "2122"]
[BlackElo "1413"]
[PlyCount "59"]
[EventDate "2004.??.??"]

1. e4 {0} 1... e5 2. Nf3 d6 3. d4 exd4 4. Nxd4 Nf6 5. Nc3 Be7 6. Bf4 c5 7. Nb3
Nc6 8. Be2 O-O 9. O-O a6 10. a4 Be6 11. Qd2 Qc7 12. Nxc5 Qc8 13. Nxe6 fxe6 14.
Qe3 e5 15. Bg5 Nd4 16. Bd1 Rf7 17. Bxf6 Bxf6 18. Nd5 Bd8 19. c3 Nc6 20. b4 Qb8
21. Bb3 b6 22. Qg3 Kf8 23. f4 Bf6 24. fxe5 Bxe5 25. Rxf7+ Kxf7 26. Qh3 Bd4+ 27.
cxd4 Nxd4 28. Qxh7 Nxb3 29. Rf1+ Ke6 30. Qf5# 1-0

[Event "32.Gold-Cup"]
[Site "Meran"]
[Date "2004.04.26"]
[Round "4"]
[White "Meineke, Lars"]
[Black "Wulf, Adalbert"]
[Result "1/2-1/2"]
[WhiteElo "1835"]
[BlackElo "2007"]
[PlyCount "58"]
[EventDate "2004.??.??"]

1. Nf3 {0} 1... Nf6 2. b3 d5 3. Bb2 g6 4. e3 Bg7 5. c4 c6 6. Be2 O-O 7. O-O Bg4
8. h3 Bxf3 9. Bxf3 Nbd7 10. d4 Re8 11. cxd5 cxd5 12. Nc3 e6 13. Qe2 a6 14. Rac1
Rc8 15. Rc2 b5 16. Rfc1 Nb6 17. Ba3 Bf8 18. Bxf8 Kxf8 19. a4 bxa4 20. Qxa6 axb3
21. Qa3+ Kg7 22. Qxb3 Rb8 23. Na4 Nxa4 24. Qxa4 Re7 25. Qa6 Reb7 26. Rc6 Rb6
27. Qa7 Rxc6 28. Rxc6 Rb1+ 29. Kh2 Qb8+ 1/2-1/2

[Event "32.Gold-Cup"]
[Site "Meran"]
[Date "2004.04.26"]
[Round "4"]
[White "Fanenbruck, Günter"]
[Black "Sieghardt, Walter"]
[Result "0-1"]
[WhiteElo "1541"]
[BlackElo "1542"]
[PlyCount "32"]
[EventDate "2004.??.??"]

1. e4 {0} 1... e6 2. d4 d5 3. exd5 exd5 4. Nf3 c6 5. Bd3 Bd6 6. O-O Ne7 7. h3
O-O 8. c3 h6 9. Nbd2 Be6 10. Ne5 Nd7 11. Ndf3 Qc7 12. Bf4 Nf6 13. Qd2 Ne4 14.
Bxe4 dxe4 15. Nh4 Kh7 16. Qe3 f5 0-1

[Event "32.Gold-Cup"]
[Site "Meran"]
[Date "2004.04.27"]
[Round "5"]
[White "Krieger, Hermann"]
[Black "Asmundsson, Ingvar"]
[Result "1/2-1/2"]
[WhiteElo "2267"]
[BlackElo "2311"]
[PlyCount "81"]
[EventDate "2004.??.??"]

1. e4 c5 2. Nf3 e6 3. d4 cxd4 4. Nxd4 a6 5. Bd3 Bc5 6. Nb3 Ba7 7. O-O Ne7 8.
Kh1 Nbc6 9. f4 d6 10. Nc3 Bd7 11. Bd2 Qc7 12. Qf3 O-O 13. f5 Ne5 14. Qg3 exf5
15. exf5 f6 16. Be4 Bc6 17. Bh6 Rf7 18. Rad1 Kh8 19. Bc1 d5 20. Nxd5 Nxd5 21.
Bxd5 Bxd5 22. Rxd5 Qxc2 23. Qf4 Nd3 24. Qd2 Qxd2 25. Bxd2 Nxb2 26. Bb4 Nc4 27.
Rfd1 h6 28. Rd7 Rxd7 29. Rxd7 b5 30. h3 Be3 31. Re7 a5 32. Nxa5 Bd2 33. Bxd2
Nxd2 34. Nb3 Nf1 35. Rb7 Rxa2 36. Rxb5 Rb2 37. g4 Ng3+ 38. Kg1 Ne2+ 39. Kf1 Nc3
40. Rb7 Ne4 41. Nc5 1/2-1/2

[Event "32.Gold-Cup"]
[Site "Meran"]
[Date "2004.04.27"]
[Round "5"]
[White "Wempe, Jürgen"]
[Black "Gerhards, Walter"]
[Result "1/2-1/2"]
[WhiteElo "2202"]
[BlackElo "2002"]
[PlyCount "97"]
[EventDate "2004.??.??"]

1. e4 e6 2. d4 d5 3. Nd2 Nf6 4. e5 Nfd7 5. c3 c5 6. Bd3 Nc6 7. Ngf3 Qb6 8. O-O
cxd4 9. cxd4 Nxd4 10. Nxd4 Qxd4 11. Nf3 Qb6 12. Qa4 Be7 13. Be3 Qd8 14. Rac1
O-O 15. Qg4 f5 16. Qg3 Rf7 17. Qh3 Nf8 18. g4 f4 19. Bd4 Bd7 20. Kh1 a6 21. g5
g6 22. Rg1 Rc8 23. Qf1 Rxc1 24. Qxc1 Bb5 25. Bxb5 axb5 26. Qc2 Qa5 27. Qc8 Qxa2
28. Rc1 Qb3 29. Kg2 Qd3 30. Rc7 Qf5 31. h3 Bxg5 32. Rxf7 Kxf7 33. Qxb7+ Kg8 34.
Qxb5 Bh6 35. Qe8 Bg7 36. b4 g5 37. Qh5 h6 38. b5 Ng6 39. Qg4 Qe4 40. Kh2 Kf7
41. h4 Nxh4 42. Qh5+ Kg8 (42... Qg6 43. Qxg6+ Nxg6 44. b6 Nf8 45. b7 Nd7 46.
Ba7 g4 47. Nd4 Bxe5 48. Nc6 Bd6) (42... Ng6 43. b6 Qb1 44. Bc5 Qc2 45. Bd4 Bf8
46. Kg2 Qc8 47. Nh2 Kg7 48. Ng4 Nh4+ 49. Kh3 Nf5 50. Nf6 Qc1 51. Ne8+ Kh8 52.
Kh2 Nxd4 53. Qf7 Nf3+ 54. Kg2 Qg1+ 55. Kxf3 g4+ 56. Ke2 f3+ 57. Kd2 Qxf2+ 58.
Kc3 Qe3+ 59. Kc2 Qc5+ 60. Kd2 Qf2+ 61. Kc3 d4+ 62. Kc4 Qa2+ 63. Kb5) 43. Nxh4
gxh4 44. Qe8+ Kh7 45. Qxe6 Qxd4 46. Qf5+ Kg8 47. Qe6+ Kf8 48. Qd6+ Kf7 49. Qd7+
1/2-1/2

[Event "32.Gold-Cup"]
[Site "Meran"]
[Date "2004.04.27"]
[Round "5"]
[White "Boeven, Manfred"]
[Black "Schweitzer, Paul"]
[Result "1-0"]
[WhiteElo "2153"]
[BlackElo "1551"]
[PlyCount "55"]
[EventDate "2004.??.??"]

1. d4 {0} 1... c6 2. Nc3 Nf6 3. e4 e6 4. Bd3 Be7 5. Nf3 a6 6. Bg5 Qa5 7. O-O h6
8. Bd2 Qc7 9. e5 Nd5 10. Ne4 c5 11. dxc5 Bxc5 12. Nxc5 Qxc5 13. a3 g5 14. c4
Ne7 15. Bb4 Qb6 16. Nd2 Nbc6 17. Bc3 Qc7 18. Qe2 Ng6 19. Bxg6 fxg6 20. Ne4 O-O
21. Nf6+ Kg7 22. f4 Qb6+ 23. Kh1 a5 24. fxg5 hxg5 25. Qg4 Qc5 26. Qxg5 Nb4 27.
Ne4 Qxc4 28. Qe7+ 1-0

[Event "32.Gold-Cup"]
[Site "Meran"]
[Date "2004.04.27"]
[Round "5"]
[White "Kelchner, Hans"]
[Black "Bigott, Martin"]
[Result "1-0"]
[WhiteElo "2147"]
[BlackElo "2111"]
[PlyCount "73"]
[EventDate "2004.??.??"]

1. c4 e5 2. Nc3 Nf6 3. g3 d5 4. cxd5 Nxd5 5. Bg2 Nxc3 6. bxc3 Bd6 7. Nf3 O-O 8.
d3 h6 9. O-O Nd7 10. Nd2 Nb6 11. a4 a5 12. Ne4 Be7 13. Be3 Nd5 14. Qb3 Nxe3 15.
fxe3 Rb8 16. Qb5 Bg5 17. Qxe5 Bxe3+ 18. Kh1 Bb6 19. Qh5 f5 20. Nd2 Be6 21. d4
c6 22. e4 Qd7 23. Rae1 Rf7 24. Nf3 Bc7 25. e5 f4 26. Nh4 Rbf8 27. Be4 Bd5 28.
Qg6 Bxe4+ 29. Qxe4 Qh3 30. Qg2 Qg4 31. Qe2 f3 32. Qe4 Qxe4 33. Rxe4 g5 34. Ng6
Re8 35. h4 Re6 36. h5 Kg7 37. g4 1-0

[Event "32.Gold-Cup"]
[Site "Meran"]
[Date "2004.04.27"]
[Round "5"]
[White "Perk, Egbert"]
[Black "Muscolino, Attilio"]
[Result "1/2-1/2"]
[WhiteElo "1995"]
[BlackElo "2122"]
[PlyCount "103"]
[EventDate "2004.??.??"]

1. d4 {0} 1... Nf6 2. Nf3 g6 3. g3 Bg7 4. c4 d6 5. Bg2 O-O 6. Nc3 Nc6 7. d5 Na5
8. Qd3 c5 9. O-O a6 10. Rb1 b5 11. Nd2 bxc4 12. Nxc4 Nxc4 13. Qxc4 Ng4 14. Bf4
Rb8 15. a3 a5 16. h3 Ne5 17. Qa4 Bd7 18. Qc2 Nc4 19. Qc1 Re8 20. Kh2 Rb3 21.
Nd1 Bb5 22. Be4 Ne5 23. Re1 Ba6 24. Bc2 Rb6 25. Nc3 Qd7 26. Ba4 Qd8 27. Bxe8
Qxe8 28. Qc2 Bb7 29. e4 Nf3+ 30. Kg2 Nxe1+ 31. Rxe1 Bc8 32. f3 Qd7 33. g4 h5
34. e5 hxg4 35. hxg4 dxe5 36. Bxe5 f6 37. Bg3 f5 38. g5 Rb7 39. Be5 Bxe5 40.
Rxe5 Qd6 41. f4 Bd7 42. Qe2 Kf8 43. Qf2 e6 44. Kg1 exd5 45. Rxd5 Qe7 46. Qxc5
Qxc5+ 47. Rxc5 a4 48. Nd1 Ke7 49. Kf2 Kd6 50. Rc2 Be6 51. Nc3 Rh7 52. Kg3
1/2-1/2

[Event "32.Gold-Cup"]
[Site "Meran"]
[Date "2004.04.27"]
[Round "5"]
[White "Kreie, Günter"]
[Black "Lücke, Volkmar"]
[Result "0-1"]
[WhiteElo "1888"]
[BlackElo "2001"]
[PlyCount "33"]
[EventDate "2004.??.??"]

1. e4 e6 2. d4 d5 3. Nd2 dxe4 4. Nxe4 Nd7 5. Bd3 Ngf6 6. Nf3 c5 7. Qe2 Qc7 8.
g3 Nxe4 9. Qxe4 Nf6 10. Qe2 Bd7 11. O-O Be7 12. Bf4 Bd6 13. Bxd6 Qxd6 14. dxc5
Qxc5 15. Ne5 O-O 16. Nxd7 Nxd7 17. Rab1 0-1

[Event "32.Gold-Cup"]
[Site "Meran"]
[Date "2004.04.27"]
[Round "5"]
[White "Wulf, Adalbert"]
[Black "Josting, Friedel"]
[Result "1/2-1/2"]
[WhiteElo "2007"]
[BlackElo "2035"]
[PlyCount "22"]
[EventDate "2004.??.??"]

1. d4 {0} 1... Nf6 2. Nf3 e6 3. Bg5 Be7 4. c4 d5 5. Nc3 O-O 6. e3 c6 7. Rc1
Nbd7 8. cxd5 Nxd5 9. Bxe7 Qxe7 10. Be2 Nxc3 11. Rxc3 e5 1/2-1/2

[Event "32.Gold-Cup"]
[Site "Meran"]
[Date "2004.04.27"]
[Round "5"]
[White "Sieghardt, Walter"]
[Black "Meineke, Lars"]
[Result "0-1"]
[WhiteElo "1542"]
[BlackElo "1835"]
[PlyCount "40"]
[EventDate "2004.??.??"]

1. d4 e6 2. c4 Nf6 3. a3 d5 4. e3 Be7 5. Nc3 O-O 6. Nf3 Ne4 7. cxd5 exd5 8. Qb3
c6 9. Bd3 Nd6 10. h3 Nd7 11. O-O f5 12. e4 fxe4 13. Nxe4 Nxe4 14. Bxe4 Nf6 15.
Bc2 Nh5 16. Qe3 Nf4 17. Bd2 Bd6 18. Ne5 Qg5 19. g4 Qh4 20. Qf3 Nxh3+ 0-1

[Event "32.Gold-Cup"]
[Site "Meran"]
[Date "2004.04.27"]
[Round "5"]
[White "Gestrich, Wolfgang"]
[Black "Laux, Dieter"]
[Result "1/2-1/2"]
[WhiteElo "1413"]
[BlackElo "1369"]
[PlyCount "88"]
[EventDate "2004.??.??"]

1. c4 c6 2. Nc3 g6 3. g3 Bg7 4. Bg2 f5 5. f4 e5 6. fxe5 Bxe5 7. Nf3 Bxc3 8.
bxc3 Qb6 9. d4 Nf6 10. Qb3 Qxb3 11. axb3 Ne4 12. Nd2 d5 13. Nxe4 dxe4 14. O-O
Be6 15. Rd1 O-O 16. d5 Rd8 17. Bg5 cxd5 18. Bxd8 dxc4 19. b4 Nc6 20. Bg5 a5 21.
Rd6 Kf7 22. b5 Ne5 23. Bf4 Nd7 24. Rad1 Nc5 25. Rd8 Rxd8 26. Rxd8 b6 27. Be3
Na4 28. Bd4 Ke7 29. Rh8 h5 30. Rh7+ Bf7 31. Bg7 Bg8 32. Bd4+ Bxh7 33. e3 Kd6
34. Bf1 Kd5 35. Kf2 Nxc3 36. Bxc3 Kc5 37. Ke1 Kxb5 38. Kd2 Bg8 39. Be2 Kc6 40.
Kc1 a4 41. Kb2 b5 42. Ka3 g5 43. Bxh5 Be6 44. Be8+ Bd7 1/2-1/2

[Event "32.Gold-Cup"]
[Site "Meran"]
[Date "2004.04.27"]
[Round "5"]
[White "Gstalter, Herbert"]
[Black "Fanenbruck, Günter"]
[Result "1/2-1/2"]
[WhiteElo "1699"]
[BlackElo "1541"]
[PlyCount "23"]
[EventDate "2004.??.??"]

1. Nf3 d6 2. d4 Bg4 3. e3 Nd7 4. c4 e5 5. Be2 Be7 6. O-O Ngf6 7. Nc3 O-O 8. e4
c6 9. Be3 a6 10. d5 c5 11. a4 Ne8 12. Nd2 1/2-1/2

[Event "32.Gold-Cup"]
[Site "Meran"]
[Date "2004.04.28"]
[Round "6"]
[White "Gerhards, Walter"]
[Black "Asmundsson, Ingvar"]
[Result "0-1"]
[WhiteElo "2002"]
[BlackElo "2311"]
[PlyCount "116"]
[EventDate "2004.??.??"]

1. e4 c5 2. Nc3 e6 3. g3 Nc6 4. Bg2 g6 5. d3 Bg7 6. Be3 d6 7. Qd2 Rb8 8. Nge2
e5 9. O-O h6 10. Nd5 Nge7 11. Nec3 b5 12. Nxe7 Nxe7 13. f4 b4 14. Nd1 h5 15. c3
bxc3 16. bxc3 Qa5 17. Qf2 O-O 18. fxe5 Bxe5 19. Bh6 Ba6 20. Rb1 Rbd8 21. Bxf8
Rxf8 22. Qc2 Nc6 23. Rf2 Bg7 24. Rc1 Bh6 25. Rb1 Ne5 26. c4 Bc8 27. Rf1 Nc6 28.
Qc3 Qxa2 29. Ra1 Qd2 30. Qxd2 Bxd2 31. Rf2 Bh6 32. Kf1 a6 33. Rb1 Nb4 34. Ke2
Be6 35. Nc3 Re8 36. Rd1 Re7 37. h3 Bg7 38. Nb1 Nc6 39. Kf1 Be5 40. Ra2 Nb4 41.
Re2 Bxg3 42. Nc3 Be5 43. Nd5 Bxd5 44. exd5 Ra7 45. d4 Bxd4 46. Rde1 Bf6 47.
Re8+ Kg7 48. Rb8 a5 49. Ree8 Nc2 50. Ke2 Bd4 51. Ra8 Rb7 52. Rxa5 Rb2 53. Rb5
Ra2 54. Kf3 Na3 55. Rb7 Nxc4 56. Rd8 Rf2+ 57. Kg3 h4+ 58. Kh2 Ne3 0-1

[Event "32.Gold-Cup"]
[Site "Meran"]
[Date "2004.04.28"]
[Round "6"]
[White "Wempe, Jürgen"]
[Black "Boeven, Manfred"]
[Result "1/2-1/2"]
[WhiteElo "2202"]
[BlackElo "2153"]
[PlyCount "154"]
[EventDate "2004.??.??"]

1. e4 c5 2. Nf3 e6 3. Nc3 Nc6 4. Bb5 Nge7 5. d3 a6 6. Bxc6 Nxc6 7. e5 Qc7 8.
Bf4 d6 9. exd6 Bxd6 10. Bxd6 Qxd6 11. Ne4 Qe7 12. O-O O-O 13. Nfg5 f5 14. Qh5
g6 15. Qxh7+ Qxh7 16. Nxh7 Kxh7 17. Nxc5 b6 18. Na4 Rb8 19. f4 Bd7 20. Rac1 Nd4
21. Nc3 Rfc8 22. Rf2 b5 23. Nd1 b4 24. Ne3 Bb5 25. b3 Rc5 26. a4 bxa3 27. Ra1
Rbc8 28. c4 Bd7 29. b4 R5c6 30. Rxa3 Rb8 31. b5 axb5 32. Ra7 Rd8 33. Rb2 Kg8
34. g4 Rcc8 35. gxf5 gxf5 36. cxb5 Rc1+ 37. Kf2 Bxb5 38. Ra3 Bc6 39. Rb6 Kh8
40. Ra7 Rh1 41. Nf1 Rg8 42. Ke3 Rxf1 43. Kxd4 Bd5 44. Ke5 Rfg1 45. Rb2 R8g7 46.
Ra3 R1g2 47. Rxg2 Rxg2 48. Kf6 Rxh2 49. Rc3 Rg2 50. d4 Rg7 51. Rc2 Kh7 52. Rc3
Rg6+ 53. Ke5 Kg7 54. Rc7+ Kf8 55. Rc3 Ke7 56. Rc7+ Kd8 57. Rf7 Bc4 58. Rh7 Kc8
59. Kd6 Kb8 60. Kc6 e5+ 61. Kc5 Bg8 62. Rh5 e4 63. Rxf5 e3 64. Rf8+ Kc7 65. Ra8
Bb3 66. Ra7+ Kd8 67. Ra8+ Ke7 68. Ra7+ Kf6 69. Ra1 e2 70. Re1 Bd1 71. d5 Kf5
72. d6 Ke6 73. f5+ Kxf5 74. d7 Rg8 75. Kd6 Kf6 76. Rh1 Ba4 77. Rh6+ Kf5 1/2-1/2

[Event "32.Gold-Cup"]
[Site "Meran"]
[Date "2004.04.28"]
[Round "6"]
[White "Bigott, Martin"]
[Black "Perk, Egbert"]
[Result "1-0"]
[WhiteElo "2111"]
[BlackElo "1995"]
[PlyCount "89"]
[EventDate "2004.??.??"]

1. d4 {0} 1... Nf6 2. c4 g6 3. Nc3 d5 4. Bf4 c6 5. e3 Bg7 6. h3 Nbd7 7. Nf3 O-O
8. g4 dxc4 9. Bxc4 Nb6 10. Be2 Nbd5 11. Be5 Nxc3 12. bxc3 Qa5 13. Qc2 Be6 14.
O-O h5 15. Ng5 Qd5 16. c4 Qd7 17. f3 hxg4 18. hxg4 Nh7 19. Nxh7 Kxh7 20. Bf4
Rh8 21. Rad1 Qc8 22. Kg2 Kg8 23. a4 f5 24. g5 a5 25. Rb1 Kf7 26. Rb6 Ra7 27.
Rfb1 Qa8 28. Qb3 Bc8 29. d5 Ra6 30. Qa2 Rxb6 31. Rxb6 Rd8 32. e4 e5 33. Bc1 Bf8
34. Ba3 Rd7 35. c5 Kg7 36. d6 Qa7 37. Qb2 Kh7 38. Bc4 Bg7 39. Be6 Rd8 40. Bxc8
Rxc8 41. Rxb7 Qa6 42. Rb3 fxe4 43. fxe4 Qc4 44. Rh3+ Kg8 45. Qb3 1-0

[Event "32.Gold-Cup"]
[Site "Meran"]
[Date "2004.04.28"]
[Round "6"]
[White "Muscolino, Attilio"]
[Black "Lücke, Volkmar"]
[Result "1/2-1/2"]
[WhiteElo "2122"]
[BlackElo "2001"]
[PlyCount "27"]
[EventDate "2004.??.??"]

1. e4 e6 2. d4 d5 3. e5 c5 4. c3 Nc6 5. Nf3 Qb6 6. a3 a5 7. Bd3 Bd7 8. O-O cxd4
9. cxd4 Nxd4 10. Nxd4 Qxd4 11. Nc3 Qb6 12. Na4 Qa7 13. Nc3 Qb6 14. Na4 1/2-1/2

[Event "32.Gold-Cup"]
[Site "Meran"]
[Date "2004.04.28"]
[Round "6"]
[White "Otto, Matthias"]
[Black "Schweitzer, Paul"]
[Result "1-0"]
[WhiteElo "1734"]
[BlackElo "1551"]
[PlyCount "96"]
[EventDate "2004.??.??"]

1. e4 d6 2. Nf3 e6 3. g3 Ne7 4. Bg2 Nd7 5. O-O g6 6. d3 a6 7. a4 Bg7 8. Nbd2
O-O 9. Re1 Rb8 10. Rb1 b5 11. axb5 axb5 12. b3 e5 13. Nf1 Nf6 14. h4 Be6 15.
Bd2 c6 16. Qc1 Qc8 17. Ng5 Bd7 18. Nh2 h6 19. Ngf3 Kh7 20. Qa3 c5 21. Ra1 Nh5
22. Qa6 Qc7 23. Qa5 Qc6 24. g4 Nf4 25. Qa6 Ra8 26. Qxc6 Bxc6 27. g5 Nxg2 28.
Kxg2 f5 29. gxh6 Bxh6 30. Ng5+ Bxg5 31. Bxg5 Ng8 32. f3 b4 33. Rf1 d5 34. Kg3
dxe4 35. fxe4 f4+ 36. Kf3 Bd7 37. Ng4 Bxg4+ 38. Kxg4 Ra3 39. Rxa3 bxa3 40. Kf3
Kg7 41. Ra1 Ra8 42. Ra2 Nf6 43. c3 Nh5 44. Be7 Kf7 45. Bxc5 Rd8 46. d4 exd4 47.
cxd4 Ra8 48. Rxa3 Rb8 1-0

[Event "32.Gold-Cup"]
[Site "Meran"]
[Date "2004.04.28"]
[Round "6"]
[White "Josting, Friedel"]
[Black "Kreie, Günter"]
[Result "0-1"]
[WhiteElo "2035"]
[BlackElo "1888"]
[PlyCount "78"]
[EventDate "2004.??.??"]

1. Nf3 Nf6 2. d4 e6 3. Bf4 c5 4. c3 Nc6 5. e3 d5 6. Nbd2 Be7 7. h3 O-O 8. Bd3
Bd7 9. O-O Rc8 10. Re1 Re8 11. Ne5 Bf8 12. Ndf3 Ne4 13. Nd2 f5 14. f3 Nxd2 15.
Qxd2 Nxe5 16. Bxe5 Bc6 17. g4 g6 18. Qg2 Qd7 19. Kh1 b6 20. Rg1 Re7 21. Qg3 Rf7
22. Rg2 Bg7 23. gxf5 exf5 24. f4 Bb5 25. Bc2 Qe6 26. h4 Bxe5 27. fxe5 Bd7 28.
Qf4 Be8 29. Rag1 Rcc7 30. Rg5 Rg7 31. R1g2 c4 32. Rf2 Rcf7 33. h5 Rf8 34. Rfg2
h6 35. R5g3 g5 36. Qf1 Kh8 37. e4 f4 38. exd5 Qxd5 39. Bd1 Qf7 0-1

[Event "32.Gold-Cup"]
[Site "Meran"]
[Date "2004.04.28"]
[Round "6"]
[White "Sieghardt, Walter"]
[Black "Wulf, Adalbert"]
[Result "0-1"]
[WhiteElo "1542"]
[BlackElo "2007"]
[PlyCount "92"]
[EventDate "2004.??.??"]

1. d4 {0} 1... Nf6 2. c4 e5 3. e3 exd4 4. exd4 Bb4+ 5. Bd2 Be7 6. Nf3 d5 7. Nc3
c6 8. Bd3 O-O 9. O-O Bg4 10. h3 Bxf3 11. Qxf3 dxc4 12. Bxc4 Qxd4 13. Qf4 Qxf4
14. Bxf4 Nbd7 15. Rad1 Nb6 16. Bb3 Rae8 17. Be3 Rd8 18. a3 Nc8 19. Rfe1 Rxd1
20. Rxd1 Rd8 21. Kf1 h6 22. Ke2 Kf8 23. Rd3 a6 24. Na4 Rxd3 25. Kxd3 Nd7 26.
Bd1 h5 27. Bxh5 g6 28. Bf3 Ne5+ 29. Ke4 Nxf3 30. Kxf3 f5 31. Bc5 Nd6 32. Nb6
Kf7 33. b4 Ke6 34. g3 Bf6 35. Ke3 Ne4 36. Bf8 Bd8 37. Na4 b5 38. Nc5+ Nxc5 39.
Bxc5 Kd5 40. Kd3 Bf6 41. Kc2 a5 42. Kb3 a4+ 43. Kc2 Ke4 44. Be3 Be5 45. Bg5 Kf3
46. Be3 Bxg3 0-1

[Event "32.Gold-Cup"]
[Site "Meran"]
[Date "2004.04.28"]
[Round "6"]
[White "Laux, Dieter"]
[Black "Gstalter, Herbert"]
[Result "1/2-1/2"]
[WhiteElo "1369"]
[BlackElo "1699"]
[PlyCount "78"]
[EventDate "2004.??.??"]

1. e4 {0} 1... c6 2. d4 d5 3. Nc3 dxe4 4. Nxe4 Bf5 5. Ng3 Bg6 6. Nf3 e6 7. Ne5
Nf6 8. h4 Bd6 9. Bg5 Bxe5 10. dxe5 Qa5+ 11. Qd2 Qxe5+ 12. Be2 h6 13. Bxf6 Qxf6
14. O-O-O O-O 15. Bf3 Na6 16. Qa5 Qf4+ 17. Rd2 Qb4 18. Qxb4 Nxb4 19. a3 Nd5 20.
h5 Bh7 21. Rhd1 Rfe8 22. c4 Nf6 23. b4 Kf8 24. b5 Rab8 25. a4 cxb5 26. axb5
Rec8 27. Be2 b6 28. Kb2 Ke7 29. Kb3 Rd8 30. Bf3 Rxd2 31. Rxd2 Rd8 32. Ra2 Rd7
33. Bc6 Rc7 34. f3 Nd7 35. Ne2 Nc5+ 36. Kc3 e5 37. f4 Be4 38. fxe5 Bxc6 39.
bxc6 a5 1/2-1/2

[Event "32.Gold-Cup"]
[Site "Meran"]
[Date "2004.04.29"]
[Round "7"]
[White "Asmundsson, Ingvar"]
[Black "Wempe, Jürgen"]
[Result "0-1"]
[WhiteElo "2311"]
[BlackElo "2202"]
[PlyCount "88"]
[EventDate "2004.??.??"]

1. e4 c5 2. Nf3 Nf6 3. e5 Nd5 4. c3 d6 5. d4 cxd4 6. Qxd4 e6 7. Na3 Nc6 8. Bb5
Bd7 9. Bxc6 Bxc6 10. Nc4 dxe5 11. Ncxe5 Qb6 12. Qxb6 axb6 13. O-O f6 14. Nxc6
bxc6 15. Nd4 e5 16. Nxc6 Kd7 17. Nb4 Bxb4 18. cxb4 Rhc8 19. Be3 Rc2 20. Rfd1
Ke6 21. Rac1 Rxc1 22. Rxc1 Rxa2 23. Kf1 Nxe3+ 24. fxe3 Rxb2 25. Rc6+ Kf5 26.
Rxb6 Ke4 27. Rc6 Rxb4 28. Rc7 Kxe3 29. Rc3+ Kd2 30. Rc7 Rf4+ 31. Kg1 e4 32.
Rxg7 e3 33. Rd7+ Ke2 34. g3 Rf1+ 35. Kg2 Rf2+ 36. Kg1 h5 37. Rd4 Ke1 38. Rd3
Ke2 39. Rd4 f5 40. Ra4 f4 41. gxf4 Kf3 42. f5 Rg2+ 43. Kh1 e2 44. Ra1 Kf2 0-1